000 00956nam a2200181 a 4500
001 000026919
005 20260305073951.0
008 110328s1986 dr 000 0 spa d
040 _aDO-SdBNP
_bspa
_cBNPHU
082 _axxx
_bS471l
245 0 1 _aSemblanza de una labor periodística /
_cintroducción Frank Moya Pons.
260 _c[1986?].
_bCENAPEC,
_c[1986.
300 _a214 p. ;
_c22 cm.
505 0 _aPresentación del Premio APEC al Periodismo ¨José Ramón López¨-- Dr. Rafael Molina Morillo Presidente del Consejo Nacional del Premio -- Palabras de agradecimiento del Dr. Germán E. Ornes Coiscou, al recibir el Premio APEC al Periodismo ¨José Ramón López¨ 1986 -- La alimentación y las razas -- Ensayo por José Ramón López -- La paz en la República Dominicana -- Ensayo por Ramón López.
586 _aPremio APEC al periodismo ¨José Ramón López¨ 1986.
049 _aBNPD
700 1 _aMoya Pons, Frank,
_d1944-
_eintrod.
_92095
999 _c26411
_d26411